Practical algorithms in C++ / (Record no. 61871)

000 -LEADER
fixed length control field 01217cam a2200325 a 4500
001 - CONTROL NUMBER
control field 1125836
003 - CONTROL NUMBER IDENTIFIER
control field NUST-PNEC
005 - DATE AND TIME OF LATEST TRANSACTION
control field 20170116180733.0
008 - FIXED-LENGTH DATA ELEMENTS--GENERAL INFORMATION
fixed length control field 940728s1995 nyua b 001 0 eng
010 ## - LIBRARY OF CONGRESS CONTROL NUMBER
LC control number 94033105
020 ## - INTERNATIONAL STANDARD BOOK NUMBER
International Standard Book Number 0471009555
020 ## - INTERNATIONAL STANDARD BOOK NUMBER
International Standard Book Number 978-0471009559
040 ## - CATALOGING SOURCE
Original cataloging agency DLC
Transcribing agency PNEC
Modifying agency DLC
050 00 - LIBRARY OF CONGRESS CALL NUMBER
Classification number QA76.73.C153
Item number F518 1995
082 00 - DEWEY DECIMAL CLASSIFICATION NUMBER
Classification number 005.133 FLA
Edition number 20
100 1# - MAIN ENTRY--PERSONAL NAME
Personal name Flamig, Bryan.
245 10 - TITLE STATEMENT
Title Practical algorithms in C++ /
Statement of responsibility, etc. Bryan Flamig.
260 ## - PUBLICATION, DISTRIBUTION, ETC.
Place of publication, distribution, etc. New York :
Name of publisher, distributor, etc. Wiley,
Date of publication, distribution, etc. c1995.
300 ## - PHYSICAL DESCRIPTION
Extent xvii, 445 p. :
Other physical details ill. ;
Dimensions 24 cm.
500 ## - GENERAL NOTE
General note Includes Index
504 ## - BIBLIOGRAPHY, ETC. NOTE
Bibliography, etc. note Includes bibliographical references (p. 433-435) and index.
650 00 - SUBJECT ADDED ENTRY--TOPICAL TERM
Topical term or geographic name entry element C++ (Computer program language)
650 00 - SUBJECT ADDED ENTRY--TOPICAL TERM
Topical term or geographic name entry element Computer algorithms.
General subdivision Computer, MIS
856 42 - ELECTRONIC LOCATION AND ACCESS
Uniform Resource Identifier <a href="http://www.amazon.com/Practical-Algorithms-Coriolis-Group-Book/dp/0471009555/ref=sr_1_1?s=books&ie=UTF8&qid=1416464000&sr=1-1&keywords=0471009555">http://www.amazon.com/Practical-Algorithms-Coriolis-Group-Book/dp/0471009555/ref=sr_1_1?s=books&ie=UTF8&qid=1416464000&sr=1-1&keywords=0471009555</a>
856 4# - ELECTRONIC LOCATION AND ACCESS
Materials specified Table of Contents
856 42 - ELECTRONIC LOCATION AND ACCESS
Materials specified Contributor biographical information
906 ## - LOCAL DATA ELEMENT F, LDF (RLIN)
a 7
b cbc
c orignew
d 1
e ocip
f 19
g y-gencatlg
942 ## - ADDED ENTRY ELEMENTS (KOHA)
Source of classification or shelving scheme
Koha item type Book
Holdings
Withdrawn status Lost status Source of classification or shelving scheme Damaged status Not for loan Permanent Location Current Location Shelving location Date acquired Source of acquisition Cost, normal purchase price Total Checkouts Full call number Barcode Date last seen Cost, replacement price Price effective from Koha item type
          Pakistan Navy Engineering College (PNEC) Pakistan Navy Engineering College (PNEC)   11/06/2001 - 600.00   005.133 FLA PNECLIB-025423 11/20/2014 600.00 11/06/2001 Book
© 2023 Central Library, National University of Sciences and Technology. All Rights Reserved.